Raktározási rendszerek a Celebi Ground Handling Hungary Kft-nél

Bibliographic Details
Main Author: Germányi Gábor
Other Authors: Domboróczky Dr. Zoltán
Format: Project work
Kulcsszavak:logisztika
raktár
raktárak jövője
raktározási rendszerek
veszélyes áruk
Online Access:http://dolgozattar.uni-bge.hu/59675

MARC

LEADER 00000nnm a2200000 i 4500
001 dolg59675
005 20260409145413.0
008 260409suuuu hu o 000 hun d
040 |a BGE Dolgozattár Repozitórium  |b hun 
041 |a hu 
100 1 |a Germányi Gábor 
245 1 0 |a Raktározási rendszerek a Celebi Ground Handling Hungary Kft-nél  |c Germányi Gábor  |h [elektronikus dokumentum] 
516 |a Project_work 
520 3 |a A témaválasztásom azért esett a raktározási rendszerekre, mert a raktártechnológia a vállalati logisztika egy nagyon fontos központi eleme. Összekötő kapocsként működik a beszerzés, a tárolás, az elosztás és a kiszállítás területei között, és alapvető fontosságú a hatékony és kielégítő anyagáramlás szempontjából. A raktártechnológia kulcs szerepet játszik a vállalatok számára, amivel nagymértékben hozzájárul a hatékonyság és a raktározási folyamatok optimalizálásának növeléséhez. A modern raktározási rendszerek használatával a cégek maximalizálhatják a raktározási képességüket és felgyorsíthatják, az áruk forgalmát ezáltal pedig minimalizálhatják a raktározási kiadásokat. A modern raktározási rendszerek lehetővé teszik a küldemények gyors és precíz kezelését az átvételtől a raktározáson át azok kiadásáig. Az olyan automatizált rendszerek, mint a szállítószalagok, a felrakógépek és a robotika lerövidítik a betárolási időt és csökkentik a dolgozók hibáinak a számát, ami megnöveli a raktár hatékonyságát. A kompakt raktárak, mint például az inga raktárak, a mobil állványrendszerek vagy az átfolyó állványok használata lehetővé teszi a raktárterület még optimálisabb kihasználását. A raktárkezelő rendszerek (pl. CargoCel) lehetővé teszik a készletek pontos és valós idejű nyomon követését és ellenőrzését. Ez lehetővé teszi a cégek számára, hogy elkerüljék a túlkészletezést és biztosítsák a küldemények elérhetőségét. Az automatizált rendszerek csökkentik a fizikai munkaerő szükségletét, ami alacsonyabb költségeket eredményez a vállalatoknak. Ez mellett a hatékony raktározás segíthet az áruk sérülésének elkerülésének és az expressz rendelések szükségességének csökkentésében, ami szintén csökkenti a kiadásokat. Az ergonómiailag tervezett raktárak és a munkafolyamatok automatizálása csökkenti a munkahelyi balesetek és a munkával kapcsolatos megbetegedések számát. A legmodernebb raktározási rendszerek emellett rugalmasságot és skálázhatóságot is kínál, és így képes alkalmazkodni a változó piaci feltételekhez. 
695 |a logisztika 
695 |a raktár 
695 |a raktárak jövője 
695 |a raktározási rendszerek 
695 |a veszélyes áruk 
700 1 |a Domboróczky Dr. Zoltán  |e ths 
856 4 0 |u http://dolgozattar.uni-bge.hu/59675/1/Rakt%C3%A1roz%C3%A1si%20rendszerek%20a%20Celebi%20Ground%20Handling%20Hungary%20Kft-n%C3%A9l.pdf  |z Dokumentum-elérés 
856 4 0 |u http://dolgozattar.uni-bge.hu/59675/2/Germ%C3%A1nyi_G%C3%A1bor_KM%20FOSZK%20b%C3%ADr%C3%A1lati%20lap.pdf  |z Dokumentum-elérés